00479nam a2200121Ia 4500008004100000020001800041100001700059245008300076260002200159650010900181650002200290856004500312171212s9999 xx 000 0 und d a9781922144621 aLal, Brij V. cLal, Brij V.aFiji before the stormbElections and the politics of development bANU E Pressc2012 aConstitutional law -- Fiji; Fiji -- Politics and government -- 20th century; Fiji -- Economic conditions aPolitical Science uwww.jstor.org/stable/10.2307/j.ctt24h84v